Statistics for Detroit Pistons Nicknames

Click here to take the quiz!

General Stats

  • This quiz has been taken 74 times
  • The average score is 6 of 12

Answer Stats

NicknameAnswer% Correct
Big BenBen Wallace
94%
SheedRasheed Wallace
94%
ZekeIsiah Thomas
85%
The WormDennis Rodman
82%
RipRichard Hamilton
79%
Mr. Big ShotChauncey Billups
75%
MicrowaveVinnie Johnson
36%
SpiderJohn Salley
31%
DobberBob Lanier
25%
Junkyard DogJerome Williams
19%
BuddhaJames Edwards
16%
Big NastyCorliss Williamson
10%

Score Distribution

Percentile by Number Answered

Percent of People with Each Score

Your Score History

You have not taken this quiz